000 00778nam1a22002291i 4500
001 rc\151701
005 20240723211803.0
035 _a(NLR Aleph) 005614532
090 _a6443669
_c6443669
100 _a20030307d1995 u |0rusy50 ca
101 0 _arus
102 _aRU
105 _ay |||||||||
200 1 _aИсследование конденсированных сред поляризованными нейтронами
210 _aГатчина
_cПИЯФ
_d1995
215 _d20
225 1 _aПрепринт...
_fРос. акад. наук. Петерб. ин-т ядер. физики им. Б.П. Константинова
700 1 _aМалеев
_bС.В.
801 0 _aRU
_bNLR
_gpsbo
801 1 _aRU
_bELAR
_2rusmarc
852 _aNLR
_j96-4/11933
942 _cBOOK